00563cam a22001813a 450000100060000000300060000600500170001200800410002904000150007004200070008510000280009224501110012026000290023150600300026051600200029083000290031085600420033941997PGUSA20140828083940.0130203s2013||||xxu|||||s|||||000 | eng d aPGUSAbeng adc1 aOtis, James,d1848-191214aThe Light Keepers :bA Story of the United States Light-house Serviceh[electronic resource] /cJames Otis bProject Gutenberg,c2013 aPublic domain in the USA. aElectronic text 0aProject Gutenbergv4199740uhttp://www.gutenberg.org/ebooks/41997